Korespondencja Walerego Goetla z Radimem Kettnerem = Korespondence Waleryho Goetela s Radimem Kettnerem = Correspondence between Walery Goetel and Radim Kettner /

Hlavní autor: Goetel, Walery, 1889-1972
Další autoři: Kettner, Radim, 1891-1967, Laskosz, Joanna, Chodějovský, Jan, Pavlíčková Wilińska, Anna, 1977-, Kulawiaková, Barbora, Pavlíček, Tomáš W., 1982-
Jazyk: Polština
Čeština
Angličtina
Vydáno: Praha : Masarykův ústav a Archiv Akademie věd ČR, v.v.i ;Polska Akademia Umiejętności :Archiwum Nauki PAN i PAU, 2019
Vydání: První vydání
Témata:
Fyzický popis: 247 stran : ilustrace, portréty, faksimile ; 25 cm
Language note: Částečně český text, částečně souběžný český a anglický text, anglické resumé
Knihy
Uloženo v:
LEADER 03571nam a2200805 i 4500
001 nkc20203176128
003 CZ PrNK
005 20200616140234.0
007 ta
008 200213s2019 xr ach f 001 0dpol
015 |a cnb003176128 
020 |a 978-80-88304-16-6  |q (Masarykův ústav a Archiv Akademie věd České republiky ;  |q vázáno) 
035 |a (OCoLC)1199990404 
040 |a BOA001  |b cze  |e rda 
041 1 |a pol  |a cze  |a eng  |b eng  |h cze  |h pol 
043 |a e-pl---  |a e-xr--- 
044 |a xr  |a pl 
045 |a x2x6 
072 7 |a 55  |x Vědy o Zemi. Geologické vědy  |2 Konspekt  |9 7 
080 |a 55-051  |2 MRF 
080 |a 55  |2 MRF 
080 |a (438)  |2 MRF 
080 |a (437.3)  |2 MRF 
080 |a (044)  |2 MRF 
080 |a (0.072)  |2 MRF 
080 |a (048.8)  |2 MRF 
100 1 |a Goetel, Walery,  |d 1889-1972  |7 js2011637491  |4 crp  |4 rcp 
245 1 0 |a Korespondencja Walerego Goetla z Radimem Kettnerem =  |b Korespondence Waleryho Goetela s Radimem Kettnerem = Correspondence between Walery Goetel and Radim Kettner /  |c opracowali: Joanna Laskosz, Jan Chodějovský ; překlady: Anna Pavlíčková Wilińska, Barbora Kulawiaková, Tomáš W. Pavlíček, Jan Chodějovský 
246 3 1 |a Korespondence Waleryho Goetela s Radimem Kettnerem 
246 3 1 |a Correspondence between Walery Goetel and Radim Kettner 
250 |a První vydání 
264 1 |a Praha :  |b Masarykův ústav a Archiv Akademie věd ČR, v.v.i ;  |a Kraków :  |b Polska Akademia Umiejętności :  |b Archiwum Nauki PAN i PAU,  |c 2019 
300 |a 247 stran :  |b ilustrace, portréty, faksimile ;  |c 25 cm 
336 |a text  |b txt  |2 rdacontent 
337 |a bez média  |b n  |2 rdamedia 
338 |a svazek  |b nc  |2 rdacarrier 
504 |a Obsahuje bibliografii, bibliografické odkazy a rejstřík 
546 |a Částečně český text, částečně souběžný český a anglický text, anglické resumé 
600 1 7 |a Goetel, Walery,  |d 1889-1972  |7 js2011637491  |2 czenas 
600 1 7 |a Kettner, Radim,  |d 1891-1967  |7 jk01060110  |2 czenas 
648 7 |a 19.-20. století  |7 ch757015  |2 czenas 
648 7 |a 20. století  |7 ch460558  |2 czenas 
648 4 |a 1924-1967 
650 0 7 |a geologové  |7 ph120533  |z Polsko  |y 19.-20. století  |2 czenas 
650 0 7 |a geologové  |7 ph120533  |z Česko  |y 19.-20. století  |2 czenas 
650 0 7 |a geologie  |7 ph114622  |z Polsko  |y 20. století  |2 czenas 
650 0 7 |a geologie  |7 ph114622  |z Česko  |y 20. století  |2 czenas 
650 0 9 |a geologists  |z Poland  |y 19th-20th centuries  |2 eczenas 
650 0 9 |a geologists  |z Czechia  |y 19th-20th centuries  |2 eczenas 
650 0 9 |a geology  |z Poland  |y 20th century  |2 eczenas 
650 0 9 |a geology  |z Czechia  |y 20th century  |2 eczenas 
655 7 |a korespondence  |7 fd132681  |2 czenas 
655 7 |a komentovaná vydání  |7 fd132577  |2 czenas 
655 7 |a studie  |7 fd133597  |2 czenas 
655 9 |a correspondence  |2 eczenas 
655 9 |a annotated editions  |2 eczenas 
655 9 |a studies  |2 eczenas 
700 1 |a Kettner, Radim,  |d 1891-1967  |7 jk01060110  |4 crp  |4 rcp 
700 1 |a Laskosz, Joanna  |7 pna20201068810  |4 edt 
700 1 |a Chodějovský, Jan  |7 av2018977020  |4 edt  |4 trl 
700 1 |a Pavlíčková Wilińska, Anna,  |d 1977-  |7 xx0245627  |4 trl 
700 1 |a Kulawiaková, Barbora  |4 trl 
700 1 |a Pavlíček, Tomáš W.,  |d 1982-  |7 mzk2004261013  |4 trl 
910 2 |a BOA001  |b 2-1443.677 
928 9 |a Polska Akademia Nauk, Archiwum Nauki 
928 9 |a Polska Akademia Umiejętności, Archiwum Nauki 
990 |a BK 
995 |a 01 
991 |b 202002  |c NOV 
996 6 |b 2610814636  |c 2-1443.677  |l MZK  |r Sklad / do 1 hodiny  |n 0  |p p.v.  |w 001782171  |u 000010  |a 1  |e BOA001  |j MZK50  |s P